00924nam a2200265 i 4500001000300000100002500003245012600028260003900154300002800193504001400221650003500235650004000270655003000310710003300340020001500373040000800388041000800396080002400404920001800428942000700446008004100453999001700494856009800511952004900609bg1 aJABŁOŃSKI, Paweł10aMetoda elementów brzegowych w analizie pola elektromagnetycznego /cPaweł Jabłoński ; Politechnika Częstochowska. aCzęstochowa :bWydaw. PC,c2003. a342 s. :bil. ;c24 cm. aBibliogr. 9aMetody i |zagadnienia brzegowe 9aPole elektromagnetycznexmatematyka aPodręczniki akademickie 0aPolitechnika Częstochowska a8371931999 cBPK0 apol a537.8:517.9](075.8) a83-7193-199-9 cKS s pl f |000 0 pol  c43973d43973 uhttp://koha.tu.koszalin.pl/cgi-bin/koha/opac-detail.pl?biblionumber=43973yKatalog online BPK 00104070aBPKbBPKcwo70502p02152851yKS